CRM in a week (Record no. 182793)

MARC details
000 -LEADER
fixed length control field 00343nam a2200145Ia 4500
005 - DATE AND TIME OF LATEST TRANSACTION
control field 20250422110249.0
008 - FIXED-LENGTH DATA ELEMENTS--GENERAL INFORMATION
fixed length control field 231217s9999 xx 000 0 und d
020 ## - INTERNATIONAL STANDARD BOOK NUMBER
International Standard Book Number 9780340857663
100 ## - MAIN ENTRY--PERSONAL NAME
Personal name Wood, Naomi Langford.
245 #0 - TITLE STATEMENT
Title CRM in a week
260 ## - PUBLICATION, DISTRIBUTION, ETC. (IMPRINT)
Date of publication, distribution, etc. 2002
Name of publisher, distributor, etc. Hodder & Soughton
Place of publication, distribution, etc. London
300 ## - PHYSICAL DESCRIPTION
Extent 86
650 ## - SUBJECT ADDED ENTRY--TOPICAL TERM
Topical term or geographic name as entry element CRM
942 ## - ADDED ENTRY ELEMENTS (KOHA)
Koha item type Books
Holdings
Date last seen Total Checkouts Accession number Old discount Price effective from Category Lost status Damaged status Department Withdrawn status bill date Permanent Location Current Location Shelving location Entry date Vendor Grants Currency symbol Conversion rate Discount Discount type
26/01/2024   53568   26/01/2024 Books     Central Library   11/09/2012 Central Library Central Library F-Block Library Annex 24/03/2009 Publisher DONATED RS 1   Rupees

© For any Suggestions or Query, please contact the library staff @ librarian@pes.edu or Phone: +9180 2672 1983/ 2108.